ロード中...

Individualism in social science : forms and limits of a methodology/

書誌詳細
第一著者: Rajeev Bhargava
フォーマット: Printed Book
出版事項: New Delhi: Oxford University Press, 2008
主題:
LEADER 00639nam a22001691a 4500
020 |a 9780195695717 
082 |a 300.72  |b RAJ/I 
100 |a Rajeev Bhargava  |9 59452 
245 |a Individualism in social science : forms and limits of a methodology/  |c by Rajeev Bhargava 
260 |a New Delhi:  |b Oxford University Press,  |c 2008 
300 |a 271p. 
650 |a Individualism  |9 59453 
650 |a Social Research Methodology  |9 59454 
650 |a Social Sciences  |9 59455 
942 |c BK 
999 |c 139220  |d 139220 
952 |0 0  |1 0  |4 0  |6 300_720000000000000_RAJ_I  |7 0  |9 96107  |a SSUS  |b SSUS  |c STACKS  |d 2018-09-18  |g 395.00  |o 300.72 RAJ/I  |p 091806  |r 2018-09-18  |w 2018-09-18  |y BK